|
|
|
|
| LEADER |
01292nam a2200313 4500 |
| 001 |
00023377 |
| 008 |
111114s1991 bg w 000 0 mul d |
| 040 |
|
|
|a BD-DhAAL
|c BD-DhAAL
|
| 082 |
0 |
0 |
|a 348.5492/046
|2 22
|
| 999 |
|
|
|c 11423
|d 11423
|
| 999 |
|
|
|c 11423
|
| 130 |
0 |
|
|a BLD
|9 796
|
| 245 |
0 |
4 |
|a Bangladesh Legal Decisions,
|c editor Sultan Ahmad and A.T.M. Kamrul Islam
|n volume no.11
|
| 246 |
1 |
7 |
|a B.L.D.
|
| 260 |
|
|
|a Dhaka :
|b Bangladesh Bar Council,
|c 1991
|
| 300 |
|
|
|a Various pagings ;
|c 24 cm.
|
| 362 |
0 |
|
|a Vol.XI,1991
|
| 500 |
|
|
|a REGN. NO. DA513, Volume XI
|
| 500 |
|
|
|a Appellate Div.High Court Div. BD, Statutes
|
| 541 |
|
|
|e 00023377
|
| 590 |
|
|
|a Published yearly.
|
| 650 |
|
0 |
|a Law reports, digests, etc.
|z Bangladesh.
|9 1671
|
| 700 |
1 |
|
|a Ahmad,Sultan
|9 1672
|
| 700 |
1 |
|
|a Islam,A.T.M. Kamrul
|9 1673
|
| 710 |
1 |
|
|a Bangladesh Bar Council.
|9 799
|
| 852 |
4 |
|
|a Ayesha Abed Library
|j General shelf
|
| 942 |
|
|
|2 ddc
|c BK
|0 1
|
| 952 |
|
|
|0 0
|1 0
|2 ddc
|4 0
|6 348_549204600000000_BAN
|7 0
|8 REF
|9 18567
|a BRACUL
|b BRACUL
|c CIR
|d 2011-11-16
|l 2
|o 348.5492046 BAN
|p 3010023377
|r 2013-08-25
|s 2013-08-25
|t 1
|w 2011-11-16
|y 1HOUR
|x Available
|
| 952 |
|
|
|0 0
|1 0
|2 ddc
|4 0
|6 348_549204600000000_BAN
|7 0
|8 REF
|9 54441
|a BRACUL
|b BRACUL
|c REF
|d 2015-06-20
|l 3
|o 348.5492046 BAN
|p 3010029402
|r 2017-03-16
|s 2017-03-16
|t 2
|w 2015-06-20
|y 1HOUR
|